000 00249nam a2200109Ia 4500
008 200302s9999 xx 000 0 und d
100 _aRob Krier
245 _aUrban Space
260 _bAcademy Editions Group Ltd.
260 _c1979
300 _a174 P.,
999 _c5440
_d5440